000 00278nam a2200121Ia 4500
008 190216s9999||||xx |||||||||||||| ||und||
100 _aMondal Cr
245 0 _aClassical Mechanics
260 _bPentice Hall Of India
_c2002
300 _a158p
650 _aPhysics
942 _cBK
999 _c33716
_d33716